• 首页
  • 本馆介绍
  • 公告通知
  • 最新文献
  • 馆藏检索
  • 电子资源
  • 读者导购
  • 参考咨询
  • 我的图书馆
  • 登录
  • 详细信息显示
  • 放入我的书架
  • 预约/预借图书
  • 作者相关作品
  • 分类相关作品
  • 丛书相关作品
  • 出版社相关作品

书目信息

  • 表格格式
  • 工作单格式
  • 卡片格式
题名:
剪纸
    
 
作者: 朱鹰 主编
分册:  
出版信息: 北京   中国社会出版社  2005
页数: 142页
开本: 23cm
丛书名: 天地人彩图系列
单 册:
中图分类: J528.1
科图分类:
主题词: 剪纸--民间工艺--中国--通俗读物 , 剪纸 , 民间工艺
电子资源:
ISBN: 7-5087-0535-1
000 00863oam2 2200265 450
001 003008829
005 20061104103954.98
010    @a7-5087-0535-1@dCNY90.00(全套)
100    @a20050416d2005 em y0chiy0110 ea
101 0  @achi
102    @aCN@b110000
105    @aa z 000yy
200 1  @a剪纸@9jian zhi@e彩图版@f朱鹰主编
210    @a北京@c中国社会出版社@d2005
215    @a142页@d23cm
225 2  @a天地人彩图系列@i中国民俗文化
330    @a本书以大量生动、活泼、优美的文字,配以精美的图片、多角度向读者展现了民间剪纸艺术,题材广泛,天上人间、无所不有:吉祥图案、历史典故、神话传说、人生礼仪等。
462  0 @12001 @a中国民俗文化
606 0  @a剪纸@x民间工艺@y中国@j通俗读物
606 0  @a剪纸
606 0  @a民间工艺
690    @aJ528.1@v4
701  0 @a朱鹰@9zhu ying@c(民俗文化)@4主编
801  0 @aCN@bNLC@c20061104
905    @a10447@dJ528.1@e157
    
    剪纸:彩图版/朱鹰主编.-北京:中国社会出版社,2005
    142页;23cm.-(天地人彩图系列.中国民俗文化)
    
    
    ISBN 7-5087-0535-1:CNY90.00(全套)
    本书以大量生动、活泼、优美的文字,配以精美的图片、多角度向读者展现了民间剪纸艺术,题材广泛,天上人间、无所不有:吉祥图案、历史典故、神话传说、人生礼仪等。
●
相关链接 在E读中查询图书 在五车中查询图书 在当当中查询图书 在豆瓣中查询图书


正题名:剪纸     索取号:J528.1/157         预约/预借

序号 登录号 条形码 馆藏地/架位号 状态 备注
1 0381284   203812847   第一样本阅览室/ [索取号:J528.1/157] 在馆    
2 0381285   203812856   第一借阅区/ [索取号:J528.1/157] 在馆    
3 0381286   203812865   第一借阅区/ [索取号:J528.1/157] 在馆    
4 0381287   203812874   第一借阅区/ [索取号:J528.1/157] 在馆    
5 0381288   203812883   第一借阅区/ [索取号:J528.1/157] 在馆    
唐山师范学院图书馆 欢迎您!
大连网信软件有限公司© 版权所有